| 000 | 00599nam a2200181 i 4500 | ||
|---|---|---|---|
| 001 | 81118 | ||
| 003 | ES-MaACL | ||
| 005 | 20230906174355.0 | ||
| 007 | t| | ||
| 008 | 041103s1949 sp ||||1| spa d | ||
| 100 | 1 |
_aHoyos Sáinz, Luis de, _d1868-1951 _964437 |
|
| 245 | 1 | 4 |
_aUna calavera fósil vasca / _cLuis de Hoyos Sáinz. |
| 260 |
_aMadrid : _b[s.n., _c1949] |
||
| 300 |
_a5 h. : _bil. ; _c24 cm. |
||
| 500 | _aEs separata de: Boletín de la Real Sociedad Española de Historia Natural. Tom. XLVII, pág. 335-343. | ||
| 852 |
_aES-MaACL _j1936-F-11 _bR.34390 |
||
| 999 |
_c81118 _d81118 |
||